000 00308cam a22001217a 4500
008 180718b1970 xxu||||| |||| 00| 0 eng d
082 _aY73 Ar11
100 _aJamal Ara
245 _aWatching birds
_cby Jamal Ara
260 _aDelhi
_bNatiaonl Book Trust
_c1970
300 _a61p.
650 _aBirds - Behavior
999 _c390195
_d390195